000 00864nam a2200253Ia 4500
003 OSt
005 20220923215116.0
006 a|||||r|||| 00| 0
007 ta
008 220922b |||||||| |||| 00| 0 hin d
024 _a175,656
037 _cTextual
040 _aARTS
_cARTS
_bhin
041 _2hin
_ahin
082 _aO152,1xM, L9
100 _aअग्रवाल, सुरेश
_9156369
245 0 _aहिन्दी में प्राचीन प्रतिनिधि कवि
246 _aHindī mean prāchīn pratinidhi kavi
260 _aदिल्ली
_b अशोक प्रकाशन
_c1979
300 _a252 पृ.
_ccm.
650 _aहिन्दी साहित्य
_9156264
942 _hO152,1xM, L9
_cTEXL
_2CC
999 _c329360
_d329360